Doces Americanos - Statistics

Estatísticas Gerais
  • Esse quiz foi jogado 41 vezes
  • A pontuação média é 5 de 15
Estatísticas das Respostas
Imagem Resposta % Correto
Snickers
100%
Twix
77%
Kit Kat
71%
Hershey's
68%
Toblerone
61%
Crunch
55%
Skittles
35%
Reese's
29%
Smarties
6%
Payday
3%
Cadbury
0%
Jelly Belly
0%
Lemonheads
0%
Whoppers
0%
York
0%
Nenhum quiz correspondente encontrado
Distribuição das Pontuações
Porcentagem de Pessoas com Cada Pontuação
Percentil de Números Respondidos
Sua Pontuação Histórica
Você não jogou esse quiz